000 00465nam a2200169Ia 4500
001 20808
005 20260306172833.0
008 260306t9999||||xx |||||||||||||| ||spa||
041 _aESP
082 _a343.8
_bC33I
100 _aCastro Sucapuca, Luis Fernando,
_eAUT
245 0 _aInfracciones y sanciones tributarias :
_brégimen de gradualidad de sanciones
300 _a135 páginas :
_c21 cm.
650 _aGEN
654 _aCDE
942 _cLIB
_dJUS
_fJUS
_2ddc
_n
999 _c20808
_d20808